Economy and efficiency in transport and distribution /

Bibliographic Details
Main Author: Ratcliffe, Brian
Format: Book
Language:English
Published: London : Kogan Page, 1987.
Edition:2nd ed.
Subjects:

MARC

Tag First Indicator Second Indicator Subfields
LEADER 00000cam a2200000 a 4500
001 in00000029225
005 20151007060138.0
008 880217s1987 enka b 00110 eng d
020 |a 1850911975 
035 |a (OCoLC)17494185 
035 |9 AAC0146AM 
040 |a AZS  |c AZS  |d TXA  |d UtOrBLW 
049 |a TXAM  |c [A11688452] 
050 4 |a HE5618  |b .R37 1987 
100 1 |a Ratcliffe, Brian. 
245 1 0 |a Economy and efficiency in transport and distribution /  |c Brian Ratcliffe. 
250 |a 2nd ed. 
264 1 |a London :  |b Kogan Page,  |c 1987. 
300 |a iv, 170 pages :  |b illustrations ;  |c 23 cm. 
336 |a text  |b txt  |2 rdacontent 
337 |a unmediated  |b n  |2 rdamedia 
338 |a volume  |b nc  |2 rdacarrier 
500 |a Revised edition of: Economy & efficiency in road transport operations. 1982. 
504 |a Includes bibliographical references and index. 
650 0 |a Trucking  |x Management. 
650 0 |a Trucks  |x Cost of operation. 
740 0 |a Economy and efficiency in road transport operations. 
740 0 |a Economy & efficiency in road transport operations. 
999 |a MARS 
999 f f |s 9c4afee5-3c3b-347a-bba3-f92b9c02a975  |i e43f126d-1633-3b3f-8ffd-f8a5ca6d9dae  |t 0 
952 f f |p ric  |a Texas A&M University  |b Rellis Campus  |c Joint Library Facility  |d Remote Storage  |t 0  |e HE5618 .R37 1987  |h Library of Congress classification  |i unmediated -- volume  |m A14811688452 
998 f f |a HE5618 .R37 1987  |t 0  |l Remote Storage